Povídání o pejskovi a kočičce /
Příběhy pejska a kočičky od Josefa Čapka (*23. března 1887 – †duben 1945) patří k základním dílům české literatury pro děti. Karel Höger čte toto líbezné vyprávění s humorem, něhou a citem na zvukové nahrávce, neustále pro velký zájem posluchačů reedované. V pěti kapitolách se dozvíme, jak pejsek s...
Uloženo v:
| Hlavní autor: | |
|---|---|
| Další autoři: | |
| Médium: | E-audiokniha |
| Vydáno: |
Praha :
Supraphon a.s.,
1997
|
| Tagy: |
Žádné tagy |
| LEADER | 01674nim a22002897i 4500 | ||
|---|---|---|---|
| 001 | 313239 | ||
| 007 | sr nunnnnnnned | ||
| 024 | |a 859697210198 | ||
| 044 | |a xr | ||
| 100 | 1 | |a Čapek, Josef |4 aut | |
| 245 | 1 | 0 | |a Povídání o pejskovi a kočičce / |c Čapek, Josef |
| 264 | 1 | |a Praha : |b Supraphon a.s., |c 1997 | |
| 300 | |a 1 online zdroj (33 min., 54 sek.) | ||
| 336 | |a mluvené slovo |b spw |2 rdacontent | ||
| 337 | |a audio |b s |2 rdamedia | ||
| 338 | |a online zdroj |b cr |2 rdacarrier | ||
| 505 | 0 | 0 | |t O pejskovi a kočičce, jak myli podlahu (6 min., 41 sek.) |
| 505 | 0 | 0 | |t Jak si pejsek roztrhl kaťata (6 min., 43 sek.) |
| 505 | 0 | 0 | |t O pyšné noční košilce (6 min., 58 sek.) |
| 505 | 0 | 0 | |t Jak si pejsek s kočičkou dělali k svátku dort (6 min., 19 sek.) |
| 505 | 0 | 0 | |t O panence, která tence plakala (7 min., 14 sek.) |
| 520 | 2 | |a Příběhy pejska a kočičky od Josefa Čapka (*23. března 1887 – †duben 1945) patří k základním dílům české literatury pro děti. Karel Höger čte toto líbezné vyprávění s humorem, něhou a citem na zvukové nahrávce, neustále pro velký zájem posluchačů reedované. V pěti kapitolách se dozvíme, jak pejsek s kočičkou hospodařili - myli podlahu, pekli dort, spravovali pejskovy roztrhané kalhoty a našli pohozenou panenku. | |
| 700 | 1 | |a Höger, Karel |4 nrt | |
| 910 | |a RBIT002 | ||
| 998 | |d 400853 |a https://core.palmknihy.cz/api/books/400853/cover?sajozw |b https://core.palmknihy.cz/api/books/400853/cover/400?sajozw |c https://core.palmknihy.cz/api/books/400853/cover/50?sajozw |e 2099-01-01 |i 859697210198 |l 2034 |q 49 |r 1 |s https://www.palmknihy.cz/kniha/400853 |t audiobook |y 1997 |z 1 | ||
| 999 | |d 313237 | ||